书目信息 |
| 题名: |
妇女社会工作实务
|
|
| 作者: | 蔡立 主编 | |
| 分册: | ||
| 出版信息: | 北京 社会科学文献出版社 2009.12 |
|
| 页数: | 351页 | |
| 开本: | 24cm | |
| 丛书名: | ||
| 单 册: | ||
| 中图分类: | D442.865.3 | |
| 科图分类: | ||
| 主题词: | 妇女工作--社会工作--研究--深圳市 , 妇女工作 , 社会工作 | |
| 电子资源: | ||
| ISBN: | 978-7-5097-1192-7 | |
| 000 | 01071nam0 2200265 450 | |
| 001 | 010800018843 | |
| 005 | 20120628154046.64 | |
| 010 | @a978-7-5097-1192-7@dCNY59.00 | |
| 100 | @a20091228d2009 em y0chiy0110 ea | |
| 101 | 0 | @achi |
| 102 | @aCN@b110000 | |
| 105 | @ak z 000yy | |
| 106 | @ar | |
| 200 | 1 | @a妇女社会工作实务@9fu nu^ she hui gong zuo shi wu@e以深圳为例@dSocial work practice for women@ecase study of Shenzhen@f蔡立主编@zeng |
| 210 | @a北京@c社会科学文献出版社@d2009.12 | |
| 215 | @a351页@d24cm | |
| 330 | @a本书收录了大量基于实践经验的论文和案例,客观记录了深圳市妇女社会工作起步阶段的探索与实践过程,不仅为社会工作、妇女工作、社区工作等相关领域的工作者提供了难得的理论与实务经验,也对启发创新意识具有重要作用,是一本不可多得的参考性读物。 | |
| 510 | 1 | @aSocial work practice for women@ecase study of Shenzhen@zeng |
| 606 | 0 | @a妇女工作@x社会工作@x研究@y深圳市 |
| 606 | 0 | @a妇女工作 |
| 606 | 0 | @a社会工作 |
| 690 | @aD442.865.3@v4 | |
| 701 | 0 | @a蔡立@9cai li@4主编 |
| 801 | 0 | @aCN@bRENTIAN@c20091228 |
| 905 | @b541521-24@dD442.865.3@e25@f4 | |
| 妇女社会工作实务:以深圳为例=Social work practice for women:case study of Shenzhen/蔡立主编.-北京:社会科学文献出版社,2009.12 |
| 351页;24cm |
| ISBN 978-7-5097-1192-7:CNY59.00 |
| 本书收录了大量基于实践经验的论文和案例,客观记录了深圳市妇女社会工作起步阶段的探索与实践过程,不仅为社会工作、妇女工作、社区工作等相关领域的工作者提供了难得的理论与实务经验,也对启发创新意识具有重要作用,是一本不可多得的参考性读物。 |
| ● |
| 相关链接 |
|
|
|
|
正题名:妇女社会工作实务
索取号:D442.865.3/25
 
预约/预借
| 序号 | 登录号 | 条形码 | 馆藏地/架位号 | 状态 | 备注 |
| 1 | 541521 | 205415219 | 第一样本阅览室/ [索取号:D442.865.3/25] | 在馆 | |
| 2 | 541522 | 205415228 | 第一借阅区/ [索取号:D442.865.3/25] | 在馆 | |
| 3 | 541523 | 205415237 | 密集书库-海洋学院/ [索取号:D442.865.3/25] | 在馆 | |
| 4 | 541524 | 205415246 | 第一借阅区/ [索取号:D442.865.3/25] | 在馆 |